| 000 | 00591nam a22001937a 4500 | ||
|---|---|---|---|
| 003 | NUST | ||
| 005 | 20230126152728.0 | ||
| 008 | 190705b ||||| |||| 00| 0 eng d | ||
| 038 | _aMr. Zahoor | ||
| 082 | _a530 | ||
| 100 |
_aJabbar, Naila _916880 |
||
| 245 |
_aSynthesis and Characterizational of Metal Oxide Nanoparticles for Thermaochemical Energy Storage _cNaila Jabbar |
||
| 260 |
_aIslambad, _bSNS - NUST, _c2018. |
||
| 300 |
_a52 p. : ill. ; _c30cm. |
||
| 500 | _aHardcover. | ||
| 650 |
_aPhysics - M.Phil Thesis _916472 |
||
| 700 |
_aDr. Faheem Amin _916480 |
||
| 942 |
_2ddc _cTHE |
||
| 999 |
_c525930 _d525930 |
||